|
|
|
|
| LEADER |
00000nam a2200000 a 4500 |
| 001 |
vtls001371075 |
| 003 |
SK-MaSNL |
| 005 |
20260301161140.0 |
| 008 |
251113s1998 RU a rab 0 rus |
| 020 |
|
|
|a 5763207319
|c [170,00]
|
| 035 |
|
|
|a SNK000324871
|
| 040 |
|
|
|a SNK
|b slo
|c SNK
|e AACR2
|
| 044 |
|
|
|a RU
|
| 080 |
|
|
|a 882-31
|2 1981
|
| 080 |
|
|
|a 882-31 Baljazin, Vol'demar=82
|2 1981
|
| 080 |
|
|
|a 929 Aleksander I. (cár ruský)
|2 1981
|
| 100 |
1 |
|
|a Baljazin, Vol'demar
|4 aut
|9 523739
|
| 245 |
1 |
0 |
|a Aleksandr Blagoslovennyj
|b roman
|c Vol'demar Baljazin
|
| 260 |
|
|
|a Moskva
|b Armada
|c 1998
|
| 300 |
|
|
|a 409 s.
|c 21 cm
|
| 490 |
1 |
|
|a Rossija : istorija v romanach
|
| 600 |
0 |
|
|a Alexander
|b I.,
|c ruský cár,
|d 1777-1825
|2 SNK
|9 170110
|
| 650 |
0 |
7 |
|a literatúra ruská
|x romány historické
|2 SNK
|9 387510
|
| 650 |
0 |
7 |
|a romány historické ruské
|2 SNK
|9 294282
|
| 651 |
|
7 |
|a Rusko
|2 SNK
|9 17250
|
| 830 |
|
0 |
|a Rossija
|9 523740
|
| 919 |
|
|
|a 5-7632-0731-9
|
| 999 |
|
|
|c 808294
|d 810224
|
| 952 |
|
|
|t P60, <04>, [BOOK], {604}
|a SNK
|b SNK
|y VYP
|7 0
|p 17A0208359
|o snkIC 128072
|i snkV 1314/99
|0 0
|1 0
|4 0
|d 1999-09-22
|l 0
|r 2005-01-02 00:00:00
|w 2026-02-24
|